Quizzes
Events
Quiz Creation
Community
Videos
Private Events
Remove Ads
Sign In
Join for FREE
Feedback
Dark Mode
Quiz Categories
Sports
Geography
Music
Movies
Television
Just For Fun
Miscellaneous
History
Literature
Language
Science
Gaming
Entertainment
Religion
Holiday
For Kids
Quiz Lab
Recent
Popular Today
Quiz Kudos Today
Editor Picks
Curator Picks
Quizzes by...
Day
Popularity
Type
Ratings
Length
Year
Community
Subscriptions
Recent Discussions
Orange Saloon
Badges
Playlists
Quests
Create
Leaderboards
Showdown
Live 5
Trivia Bingo
Activity
Puzzle Library
Sporcle Events
Private Events
Virtual Trivia
Globe League
Become a Host
Pub Owners
SporcleCon
Opinionation
Our Games
Videos
Blog
Mobile Apps
Partnerships
Remove Ads and Go Orange
Feedback
Sports
Athletes
MLB
NBA
NHL
NFL
Soccer
Sports Teams
WWE
NCAA
Football
Premier League
Basketball
Baseball
Hockey
Golf
Tennis
Cricket
Rugby
Auto Racing
Olympics
World Cup
Sports
Athletes
MLB
NBA
NHL
NFL
Soccer
Sports Teams
WWE
NCAA
Football
Premier League
Basketball
Baseball
Hockey
Golf
Tennis
Cricket
Rugby
Auto Racing
Olympics
World Cup
Random Quiz
Search Sporcle
×
Quiz Lab
Quiz Lab
Sports
Football
Type in answers that appear in a list
Type in answers that appear in a list
Classic
Best Score? Go Orange.
AS Roma 2013-14 Squad Stats
Can you name the 2013-14 AS Roma squad?
By
Mazarius
8m
27 Questions
278 Plays
278 Plays
278 Plays
Comments
Comments
Give Quiz Kudos
Give Quiz Kudos
-
- Ratings
hide this ad
Replay
Link that replays current quiz
Next Quiz
Link to next quiz in quiz playlist
You Got
0%
They Got
Avg Score
66%
Avg Friend Score
Upgrade to see
Score Distribution
Jump to the score distribution portion of the page
Score
0/27
Timer
08:00
0
Plays Today
Position
Player
% Correct
Forwards
Francesco Totti
98.9%
Midfielders
Daniele De Rossi
94.2%
Goalkeepers
Morgan De Sanctis
83.8%
Midfielders
Miralem Pjanic
83.5%
Forwards
Gervinho
82.4%
Defenders
Alessandro Florenzi
81.7%
Defenders
Maicon
78.8%
Defenders
Leandro Castan
78.4%
Midfielders
Kevin Strootman
78.4%
Defenders
Federico Balzaretti
77%
Manager
Rudi Garcia
77%
Goalkeepers
Bogdan Lobont
76.6%
Forwards
Adem Ljajic
74.5%
Defenders
Medhi Benatia
74.1%
Position
Player
% Correct
Midfielders
Rodrigo Taddei
73.4%
Forwards
Mattia Destro
71.9%
Midfielders
Radja Nainggolan
71.2%
Defenders
Vasilis Torosidis
68.7%
Forwards
Marco Borriello
60.8%
Defenders
Dodo
58.3%
Defenders
Alessio Romagnoli
56.5%
Goalkeepers
Lukasz Skorupski
50%
Forwards
Michel Bastos
46.7%
Defenders
Rafael Toloi
41.2%
Defenders
Tin Jedvaj
40.6%
Forwards
Federico Ricci
34.5%
Midfielders
Luca Mazzitelli
12.6%
Quiz Playlist
Details
Report
Send in Message
Add To Playlist
Classic:
Type in answers that appear in a list
Last Updated: Aug 13, 2020
Quiz Scoreboard
CHALLENGE
Sign Up to Join the Scoreboard
Show All
Scores
Hide
Comments
May contain spoilers
Recently Published
College Basketball Coaching Resumes
by pancakes188
Sports
9m
Billboard Blitz: Fleetwood Mac
by CooCooCachoo
Music
15s
Presidents Visiting Landmarks
by Hejman
History
7m
More to Explore
Quiz From the Vault
Featured Blog Post
Where Did the Easter Bunny Come From?
hide this ad
You Might Also Like...
Tags
Football Quiz
Soccer Quiz
Association Football
European Football
Footballer
Italian Football
Italian Footballers
Italy
Roman
rome
Serie A
Squad
Today's Top Quizzes in Sports
Browse Sports
hide this ad
Today's Top Quizzes in Football
Browse Football
Top Contributed Quizzes in Sports
1
Les meilleurs buteurs des matchs entre le PSG et l’OM
2
2022 World Cup Stars
3
FIFA Club World Cup Champions
4
Les entraîneurs de l'OM et du PSG au 21e siècle
5
Criteria MLB: Left Handed Sluggers
6
AFC Teams Reveal (Wrong Answers Minefield)
7
5-to-1: UK Sports Teams
8
Name the Premier League winners with different clubs
9
5-to-1: FBS Animal Nicknames
10
Players with Multiple 50 Home Run Seasons
Explore More
Trending Topics
Disney
Crossword
Anime
Kpop
Marvel
NBA
Harry Potter
NFL
Soccer
Puzzle
WWE
Country
The Office
Song
Pokémon
hide this ad
More By:
Mazarius
Quiz
Plays
Rating
Category
Featured
Created
World Golf Number One Ranked Players
4,550
4.86
Sports
Aug 18, 2010
FedEx Cup Champions
2,412
4.75
Sports
Mar 10, 2012
Ryder Cup Teams 2021
1,932
5.00
Sports
Sep 13, 2021
Prime Ministers of Finland
1,602
5.00
History
Feb 28, 2010
Teams of the Finnish Liiga
1,523
4.33
Sports
Mar 1, 2010
Go to Creator's Profile
Score Distribution
Quiz Creator Spotlight
Mazarius
Follow
Send a Message
Quizzes Created
-
Created Quiz Play Count
-
More By This Creator
Popular Quizzes Today
1
Find the US States - No Outlines Minefield
2
Find the Countries of Europe - No Outlines Minefield
3
The Countries of the World
4
Find the US States
5
Risky Map Clicking: Biggest States A-Z
6
US States
7
Popular People in 1961
8
Movies - When Are They Set?
More Sports Quizzes
Yankees Opening Day Starting Outfielders
Quiz Lab
Trending Quizzes
Risky Map Clicking: Least Populous States A-Z
1-10 Letter G Words
1-10 Letter F Words
Risky Map Clicking: Next State Alphabetically
Click the Washington State Counties! (Map)
Recently Updated
Leaping Animals
pecheneg
Reality TV Shows (A-Z)
bhenderson79
Rickey Henderson's Hall of Fame Teammates
pecheneg
Champions League XIs: Arsenal
pecheneg
Quick Pick: Celebrities in WWE's Hall of Fame
aduchscher
A-Z Keypad Blitz II
pecheneg
Multiple Oscar Actors
pecheneg
Mystery Phrase Blitz: Oscar 'Best Actors'
pecheneg
F. Scott Fitzgerald Novels
LTH
Pick 3 Villains
ddd62291
Trending Topics
Disney
Anime
Harry Potter
Crossword
NBA
Marvel
Kpop
Country
The Office
NFL
Song
Puzzle
Soccer
WWE
Pokémon
Your Account Isn't Verified!
In order to create a playlist on Sporcle, you need to verify the email address you used during registration. Go to your
Sporcle Settings
to finish the process.
Report this User
Report this user for behavior that violates our
Community Guidelines
.
Details:
Send Report
Go to the Sporcle.com Mobile Site →
Comments